000 00694nam a22002292 4500
001 0000004210
005 20151217145758.0
008 070521s xx 000 0 eng d
020 _a0387951164 :
_cGBP 61.50
040 _aKABU
_cKABU
050 0 _aQA372
_b.P47 2001
100 1 _aPerko, Lawrence.
_@0000154653
245 1 0 _aDifferential equations and dynamic systems.
250 _a3rd ed.
260 _aNew York :
_bSpringer-Verlag,
_c2001.
300 _axiv, 555 p.
650 0 _aDifferential equations, Nonlinear.
_@0000154654
650 0 _aDifferentiable dynamical systems.
_@0000154655
908 _a070521
950 _@1
999 _c2534
_d2534